| 000 | 00666nam a22001937a 4500 | ||
|---|---|---|---|
| 999 |
_c179774 _d179774 |
||
| 005 | 20210716101106.0 | ||
| 010 | _aB-740592 | ||
| 020 |
_a9788186264966 _c495.00 |
||
| 035 | _aB-740592 | ||
| 037 | _bGift | ||
| 082 | _a492.7 | ||
| 100 | _aElias, Elias A. | ||
| 245 |
_aElias English-Arabic Arabic-English dictionary / _cby Elias A Elias [and] Edward E. Elias |
||
| 260 |
_bStar Publications _c2010 _aNew Delhi |
||
| 270 |
_a4/5, Asaf Ali Road _bNew Delhi _e110002 |
||
| 300 |
_avp. _c22cm(Hb) |
||
| 942 |
_2ddc _cRF _mELI _h492.7 |
||